000 02916 a2200373 4500
001 OB-pusl-22006
003 FrMaCLE
005 20251214082815.0
007 cu ||||||m||||
008 190527e||||||||xx |||||s|||||||||0|fr|d
020 _a978-2-8028-0373-7
024 7 _a10.4000/books.pusl.22006
_2doi
040 _aFR-FrMaCLE
041 _afra
100 1 _aVan Meenen, Bernard
245 1 3 _aLa vérité /
_cBernard Van Meenen.
260 _aBruxelles :
_bPresses universitaires Saint-Louis Bruxelles,
_c2019.
300 _a100 p.
500 _aEbook
520 _a La post-modernité a imposé un détachement vis-à-vis de la vérité comme « représentation adéquate », ou comme « objet » du discours. Il en ressort d'autant mieux que la vérité est processus, ou devenir, dont le sujet humain est agent, comme être de langage. La vérité ne va pas de soi, pas plus qu'elle n'est déjà faite. Elle appelle à reconnaître que sa mise en œuvre relève de la capacité des êtres humains, comme sujets de parole, de désir, de pensée et d'action. Elle ne se tient pas au-delà de l'humain, comme parole de vérité, en surplomb ; elle relance plutôt, à même le langage où surgit la question humaine, la requête envers « la vérité de parole » (Yves Bonnefoy), pierre de touche de la reconnaissance des humains entre eux. À l'heure actuelle, il ne suffit pas de renvoyer dos à dos l'absolutisme et le relativisme de la vérité, en dénonçant ce qui en fait l'excès ou le défaut. En revanche, s'interroger sur les conditions d'une anthropologie de la vérité n'est pas une option facultative pour la théologie si, pour celle-ci, l'incarnation n'est pas une idée générale, mais la vérité en acte dans l'humanité. Les études réunies dans ce volume, issu de la session théologique de 2005, s'inscrivent dans cette perspective. Elles contribuent à l'éclairer sous les angles bibliques, théologiques, philosophiques, littéraires et politiques. Ce que signifie « faire la vérité » y gagne en densité, dans la mesure où ces différents registres ne sont pas cloisonnés, mais articulés entre eux. La lecture de ces études montrera que leur enjeu concerne moins l'acquisition d'un plus grand savoir « sur » la vérité, que le fait d'être renvoyé soi-même à ce qui peut advenir « en » vérité, là où les formes de déni d'humanité sont mises à jour sans désespérer qu'elles puissent être traversées.
540 _aOpenEdition Books License
_uhttps://www.openedition.org/12554
650 4 _aPhilosophy
650 4 _aReligion
650 4 _avérité
650 4 _ahumain
650 4 _alangage
650 4 _adiscours
650 4 _athéologie
650 4 _asavoir
650 4 _aDieu
650 4 _areligion
776 _z978-2-8028-0164-1
856 4 _eVan Meenen, Bernard
_uhttps://books.openedition.org/pusl/22006
_yLa vérité
999 _c13426
_d13426